000 00554nam a2200229Ia 4500
003 OSt
005 20220928141518.0
006 a|||||r|||| 00| 0
007 ta
008 220927b |||||||| |||| 00| 0 eng d
024 _a15645
037 _cTextual
040 _aSDCL
_cSDCL
_beng
041 _2eng
_aeng
082 _aWv73'N6, K2
100 _aRossiter Clinton
_9466408
245 0 _aConservatism in America
250 _a2
260 _c1962
942 _hWv73'N6, K2
_cTEXL
_2CC
999 _c818035
_d818035